Представление документа в формате MARC21

Поле Инд. ПП Название Значение
Тип записи a
Библиографический уровень m
001 Контрольный номер RU/LIBMSTU/285769076
005 Дата корректировки 20200512135015.4
008 Кодируемые данные 090127|||||||||ru |||||||||||000|||rus||
020 a ISBN 978-5-16-003489-8
c Цена, тираж 230-00
040 b Код языка каталог. rus
041 0_ a Код языка текста rus
084 a Индекс другой классификации/Индекс ББК 65.03
090 a Полочн. индекс 65.03
x Авторский знак И 90
245 10 a Заглавие История экономики
b Продолж. заглавия учебник для вузов
c Ответственность [О. Д. Кузнецова и др.] ; Рос. экон. акад. им. Г. В. Плеханова
250 a Основные сведения об издании 2-е изд., перераб. и доп.
260 a Место издания Москва
b Издательство Инфра-М
c Дата издания 2009
300 a Объем 415, [1] с.
440 _0 a Серия Высшее образование
500 a Примечание Авт. указаны на обороте тит. л.
650 04 a Основная рубрика Экономика-История-Учебные издания для высших учебных заведений
653 0_ a Ключевые слова Аграрная реформа 1861 г.
a Ключевые слова История экономики
a Ключевые слова Постиндустриальное общество
a Ключевые слова Промышленный капитализм
a Ключевые слова Экономика
901 t Тип документа m
952 b Гриф литературы для ВШ Рекомендовано МО РФ
c Вид литературы учебник